00839nam a22001817a 4500003000900000008004100009020001800050040007100068082001600139100001600155245007000171260003400241300006500275440006100340505020400401650001500605700003700620AR-CdUCM190319b ||||| |||| 00| 0 spa d a84-205-0415-7 aMUNICIPALIDAD PROVINCIAL DEL CUSCOcBIBLIOTECA MUNICIPAL DEL CUSCO a541 /bSI56 aSimpson, P. aCompuestos Organometálicos de Elementos de Grupos Principales / aEspaña :bAlhambra ;c1973. a134 páginas ;bDiagramas, fórmulas, ilustraciones c20cm aColección Exedra - Ciencia Técnica Ingeniería n86 aContenido: Derivados de los grupos I y II -- Derivados de los elementos del grupo III -- Derivados de los elementos del grupo IV -- Derivados de los elementos del grupo V -- Sección experimental... aQuímica  aMontuenga, Carlos (traducción)